[Event "TCh-SWE Elite 2012-13"]
[Site "Sweden SWE"]
[Date "2013.03.16"]
[Round "8"]
[White "Kotronias,V"]
[Black "Ahlander,B"]
[Result "1-0"]
[WhiteElo "2583"]
[BlackElo "2422"]

1.e4 g6 2.d4 Bg7 3.Nc3 d6 4.Be3 c6 5.a4 d5 6.f3 dxe4 7.fxe4 Nf6 8.Nf3 O-O
9.Bc4 Ng4 10.Bg1 e5 11.d5 Nd7 12.dxc6 bxc6 13.h3 Ngf6 14.Qd6 Bb7 15.a5 c5
16.Qd3 Qe7 17.g4 Rab8 18.Be3 Bc6 19.O-O-O Rfd8 20.Ng5 Nf8 21.Qe2 Ne6 22.Bxe6 fxe6
23.Qc4 Bh6 24.Rxd8+ Rxd8 25.Kb1 Rd4 26.Bxd4 exd4 27.Nxe6 Qf7 28.g5 dxc3 29.gxf6 Bd7
30.Qxc5 Bxe6 31.Qxc3 Bf4 32.Rd1 h5 33.e5 g5 34.Rd8+ Kh7 35.Qd3+ Qg6 36.Rh8+ Kxh8
37.Qxg6  1-0

[Event "30th Ciocaltea Mem 2013"]
[Site "Bucharest ROU"]
[Date "2013.03.17"]
[Round "3.3"]
[White "Hajbok,R"]
[Black "Manolache,M"]
[Result "0-1"]
[WhiteElo "2339"]
[BlackElo "2533"]

1.e4 g6 2.d4 Bg7 3.Nc3 d6 4.Nf3 Nd7 5.Be2 c5 6.d5 a6 7.a4 Ngf6 8.O-O O-O
9.Re1 Qc7 10.h3 b6 11.Bf4 Bb7 12.Bf1 Rad8 13.Bh2 Kh8 14.Qd2 Ne5 15.Qe3 Nxf3+
16.Qxf3 e5 17.Nd1 Bc8 18.Ne3 Nh5 19.c3 Rde8 20.g4 Nf6 21.Bd3 Ng8 22.Kh1 Bh6
23.Rg1 Qe7 24.Qe2 Bf4 25.Bxa6 Qh4 26.Bxc8 Qxh3 27.Nf1 Rxc8 28.c4 f5 29.gxf5 gxf5
30.Ra3 Qh4 31.exf5 Nf6 32.Rg2 Rg8 33.Kg1 Bxh2+ 34.Nxh2 Nh5 35.Rxg8+ Rxg8+
36.Kh1 Rg2 37.Kxg2 Nf4+  0-1

[Event "13th European Seniors"]
[Site "Plovdiv BUL"]
[Date "2013.03.17"]
[Round "7"]
[White "White,A"]
[Black "Cernea,R"]
[Result "1/2-1/2"]
[WhiteElo "2107"]
[BlackElo "2001"]

1.e4 g6 2.d4 Bg7 3.Nc3 d6 4.f4 c6 5.Nf3 d5 6.Be3 Nf6 7.e5 Ng4 8.Bg1 h5 9.Bd3 Nh6
10.Bf2 Bf5 11.Nh4 e6 12.Bxf5 Nxf5 13.Nxf5 gxf5 14.O-O h4 15.g4 Qe7 16.Kh1 Nd7
17.Rg1 fxg4 18.Qxg4 Bf8 19.f5 O-O-O 20.a3 exf5 21.Qxf5 Qe6 22.Qxe6 fxe6 23.Ne2 Bh6
24.Bxh4 Rdf8 25.Bg3 Rf3 26.Kg2 Re3 27.Nc3 c5 28.dxc5 Nxe5 29.Rae1 Nc4 30.Nd1 Rxe1
31.Rxe1 Kd7 32.b3 Nxa3 33.Re2 Rg8 34.Rf2 Rf8 35.Re2 Rg8 36.Nf2 Nb5 37.Nd3 Nd4
38.Ne5+ Ke7 39.Rf2 Nf5 40.c6 Nxg3 41.hxg3 bxc6 42.Nxc6+ Kd6 43.Nxa7 Be3 44.Rf7 Bxa7
45.Rxa7 Rc8 46.Ra2 Rc3 47.b4 e5 48.Ra6+ Kc7 49.Re6 Rxc2+ 50.Kf3 e4+ 51.Ke3 Kd7
52.Re5 Kd6 53.Re8 Rc3+ 54.Kf4 Rf3+ 55.Kg4 Rb3 56.Rd8+ Kc6 57.Rc8+ Kd6 58.Kf4 Rxb4
59.g4 e3+ 60.Kxe3 Rxg4 61.Rd8+ Ke6 62.Re8+ Kd7 63.Re5 Kd6 64.Re8 Ra4 65.Rd8+  1/2-1/2

[Event "13th European Seniors"]
[Site "Plovdiv BUL"]
[Date "2013.03.17"]
[Round "7"]
[White "Andersson,Finn"]
[Black "Strand,O"]
[Result "0-1"]
[WhiteElo "1879"]
[BlackElo "1861"]

1.e4 g6 2.d4 Bg7 3.Nc3 d6 4.g3 Nd7 5.Be3 a6 6.a4 c5 7.a5 b5 8.axb6 Qxb6 9.Nd5 Qb7
10.Rb1 Ngf6 11.Bc4 Nb6 12.Nxf6+ Bxf6 13.Ba2 Qc7 14.Ne2 Bd7 15.O-O O-O 16.Nc3 c4
17.Qd2 Bg7 18.d5 Na4 19.Nxa4 Bxa4 20.b3 c3  0-1

[Event "TCh-SWE Elite 2012-13"]
[Site "Sweden SWE"]
[Date "2013.03.17"]
[Round "9"]
[White "Rahul Kumar,P"]
[Black "Schussler,H"]
[Result "0-1"]
[WhiteElo "2159"]
[BlackElo "2413"]

1.e4 g6 2.d4 Bg7 3.Nc3 d6 4.Bc4 e6 5.Nge2 a6 6.a4 Ne7 7.Bb3 b6 8.Be3 Bb7
9.Qd2 h6 10.Ng3 d5 11.f3 Nbc6 12.Nce2 Qd7 13.O-O O-O-O 14.Rfd1 Kb8 15.Ba2 e5
16.dxe5 Nxe5 17.Bd4 c5 18.Bf2 Qc7 19.Qe1 dxe4 20.Nxe4 f5 21.Nd2 g5 22.f4 Ng4
23.Nf3 Nxf2 24.Qxf2 Bxb2 25.Rab1 Bf6 26.Qg3 Ka7 27.Ne1 Rxd1 28.Rxd1 Rd8 29.Nd3 c4
30.fxg5 Be5 31.Qxe5 Qxe5 32.Nxe5 Rxd1+ 33.Kf2 hxg5 34.Bxc4 Ra1 35.Nc3 Nc6
36.Nf3 Ra3 37.Ne2 Rxa4 38.Bb3 Rb4 39.Nxg5 a5 40.Nf3 a4 41.Be6 a3 42.Nc3 Rb2
43.Bb3 Na5 44.Nb5+ Kb8 45.Nxa3 Nxb3 46.Ne5 Ra2 47.h4 Nc5  0-1

[Event "TCh-SUI 2013"]
[Site "Switzerland SUI"]
[Date "2013.03.17"]
[Round "1.6"]
[White "Vuilleumier,A"]
[Black "Ballmann,M"]
[Result "0-1"]
[WhiteElo "2324"]
[BlackElo "2383"]

1.e4 g6 2.d4 Bg7 3.Nc3 d6 4.Bg5 a6 5.Qd2 Nd7 6.f3 b5 7.a4 b4 8.Nd1 Rb8 9.h4 c5
10.dxc5 Nxc5 11.h5 h6 12.Be3 g5 13.Bd4 Bxd4 14.Qxd4 e5 15.Qd2 Be6 16.Ne3 Nf6
17.Bc4 b3 18.c3 Bxc4 19.Nxc4 d5 20.exd5 Qxd5 21.Qxd5 Nxd5 22.O-O-O Nf4 23.Nxe5 Nxg2
24.Nh3 O-O 25.Rd5 Rbc8 26.Ng4 Kg7 27.Rg1 Nh4 28.Nxg5 hxg5 29.Rxg5+ Kh8 30.Nf6 Ne6
31.R5g4 Nxf3 32.R1g3 Nfg5 33.h6 Nh7 34.Nh5 Rc5 35.Nf4 Nxf4 36.Rxf4 Rh5 37.Rg7 Rh1+
38.Kd2 Rh2+ 39.Kd3 f6 40.Rb7 Rxb2 41.Rfb4 Rd8+ 42.Kc4 Rc8+ 43.Kd3 Rh2 44.Rb8 Rh3+
45.Ke4 Rxc3 46.Rxb3 Kg8 47.Kf5 Rc5+ 48.Ke6 Nf8+ 49.Kxf6 Nd7+  0-1

[Event "13th European Seniors"]
[Site "Plovdiv BUL"]
[Date "2013.03.19"]
[Round "9"]
[White "Khazankin,M"]
[Black "Cernea,R"]
[Result "1-0"]
[WhiteElo "2086"]
[BlackElo "2001"]

1.e4 g6 2.d4 Bg7 3.Nc3 d6 4.f4 e6 5.Nf3 Ne7 6.Bd3 b6 7.O-O Bb7 8.Be3 Nd7
9.Qd2 a6 10.f5 h6 11.fxe6 fxe6 12.Bc4 d5 13.exd5 exd5 14.Bd3 c5 15.Rae1 Nf6
16.Ne5 Ne4 17.Bxe4 dxe4 18.Nf7 Qd7 19.Nxh8 Bxh8 20.dxc5 Qxd2 21.Bxd2 Bxc3
22.Bxc3 bxc5 23.Bf6 Nf5 24.g4 Nd4 25.c3 Ne6 26.Rd1 a5 27.Rd6 Ra6 28.Be5 Ke7
29.Rfd1 Bc6 30.Kf2 Bb5 31.Ke3 Bc6 32.h4 a4 33.Rf1 Bb5 34.Rxa6 Bxa6 35.Rf6 g5
36.Rxh6 gxh4 37.Rh7+ Ke8 38.Rxh4 Bd3 39.Rh7 c4 40.Bf6 Nc5 41.g5  1-0

[Event "81st ch-St Petersburg w"]
[Site "St Petersburg RUS"]
[Date "2013.03.19"]
[Round "9"]
[White "Gudkina,Zhanna"]
[Black "Chernyak,Viktoria"]
[Result "0-1"]
[WhiteElo "1843"]
[BlackElo "1968"]

1.e4 g6 2.d4 Bg7 3.Nc3 d6 4.Be3 Nf6 5.Be2 O-O 6.f4 c5 7.e5 Nfd7 8.Nf3 cxd4
9.Bxd4 Nc6 10.exd6 Nxd4 11.Nxd4 exd6 12.Ndb5 Nf6 13.Nxd6 Be6 14.Nc4 Qc8 15.Ne5 Qc5
16.Nd3 Qd4 17.Qd2 Rfd8 18.Rd1 Ng4 19.Bf3 Bf5 20.Bxg4 Bxg4 21.Ne2 Qa4 22.O-O Bxb2
23.Rb1 Bg7 24.Nec1 Rac8 25.Qe1 Qxc2 26.Rxb7 Rxd3 27.Nxd3 Qxd3 28.Rb3 Qc4
29.Kh1 a5 30.Rf2 Bd4 31.h3 Bxf2 32.Qxf2 Bf5 33.Kh2 a4 34.Rb2 Qc5 35.Qd2 Qc3
36.Qf2 h5 37.Rd2 Kg7 38.Re2 Qc5 39.Qf3 Qd4 40.Qe3 Qxe3 41.Rxe3 Rc2  0-1

[Event "30th Ciocaltea Mem 2013"]
[Site "Bucharest ROU"]
[Date "2013.03.21"]
[Round "7.5"]
[White "Castellanos Rodriguez,R"]
[Black "Manolache,M"]
[Result "1/2-1/2"]
[WhiteElo "2529"]
[BlackElo "2533"]

1.e4 d6 2.d4 g6 3.Nc3 Bg7 4.Be3 a6 5.h4 h5 6.Qd2 Nc6 7.f3 Nf6 8.O-O-O b5
9.Nh3 Rb8 10.Ng5 e5 11.Ne2 O-O 12.d5 Ne7 13.g4 Qe8 14.Ng3 hxg4 15.Be2 gxf3
16.Bxf3 Ng4 17.h5 Nxe3 18.hxg6 f6 19.Nf7 Nxg6 20.Nh6+ Bxh6 21.Rxh6 Nxd1 22.Bh5 Kg7
23.Rxg6+ Qxg6 24.Bxg6 Kxg6 25.Qxd1 Rh8 26.Qg1 Kf7 27.Qa7 Rb7 28.Qf2 Bg4 29.b3 Rbb8
30.Qa7 Kg6 31.Kb2 Ra8 32.Qf2 a5 33.Nf5 Kf7 34.a3 a4 35.b4 Rh3 36.Qf1 Rb8
37.Qf2 Ra8 38.Qf1 Rb8 39.Qf2 Ra8 40.Qf1 Re8 41.Qf2 Rh5 42.Ne3 Bd7 43.Qf3 Rh3
44.Qf2 Rg8 45.Nf5 Re8 46.Ne3 Rh5 47.Qf3 Rg5 48.Qh1 Reg8 49.Qh7+ Ke8 50.Nf5 Kd8
51.Qe7+ Kc8 52.Qxf6 Kb7 53.Ne3 Rg1 54.Qf7 R8g7 55.Qf8 Rh7 56.Qd8 Re1 57.Nf5 Rxe4
58.Ne7 Rxe7 59.Qxe7 Bg4 60.Qe8 Be2 61.Kc1 Rd4 62.Qc6+ Kb8 63.Qe8+ Ka7 64.Qd7 Kb8
65.Qe8+ Kb7 66.Qc6+ Kb8 67.Qe8+ Ka7 68.Qd7 Rc4 69.Kd2 Bf3 70.Qxb5 Rd4+ 71.Ke3 Bxd5
72.Qxa4+ Kb7 73.Qb5+ Ka7 74.Qa5+ Kb8 75.b5 Re4+ 76.Kd2 Rd4+ 77.Ke3 Re4+ 78.Kd2 Rd4+
79.Kc1 Bb7 80.b6 Rc4 81.a4 Rc5 82.Qa7+ Kc8 83.a5 cxb6 84.a6 Be4 85.Qxb6 Rxc2+
86.Kd1 Rc5 87.Ke1 Kd7 88.Qb4 Ba8 89.Qb6 Bd5 90.Qb4 Rc8 91.Qg4+ Kc7 92.Qg7+ Kb6
93.Qd7 Ra8 94.Qxd6+ Bc6 95.Qxe5 Re8  1/2-1/2

[Event "ch-Moscow 2013"]
[Site "Moscow RUS"]
[Date "2013.03.22"]
[Round "1.12"]
[White "Balashov,Y"]
[Black "Losev,D"]
[Result "1-0"]
[WhiteElo "2481"]
[BlackElo "2285"]

1.d4 g6 2.e4 Bg7 3.Nc3 d6 4.f4 Nc6 5.Be3 Nf6 6.Be2 O-O 7.Nf3 e5 8.dxe5 dxe5
9.Qxd8 Rxd8 10.fxe5 Ng4 11.Bg5 Rd7 12.Nd5 h6 13.Nf6+ Bxf6 14.Bxf6 Nb4 15.O-O Nxc2
16.Rac1 Nce3 17.Rfe1 Nxf6 18.exf6 Ng4 19.e5 h5 20.h3 Nh6 21.e6 fxe6 22.Ne5 Rd5
23.Bc4 Rxe5 24.Rxe5 Kf7 25.Rce1 Kxf6 26.Bxe6 Nf5 27.g4 hxg4 28.hxg4 Nd4 29.g5+ Kg7
30.Bd5 Bf5 31.Re7+ Kh8  1-0

[Event "3rd HD Bank Cup 2013"]
[Site "Ho Chi Minh City VIE"]
[Date "2013.03.23"]
[Round "7.42"]
[White "Qiu,Mengjie"]
[Black "Pitra,Andika"]
[Result "0-1"]
[WhiteElo "2115"]
[BlackElo "2328"]

1.e4 g6 2.d4 Bg7 3.Nc3 d6 4.Be3 a6 5.Qd2 Nd7 6.f3 b5 7.g4 c5 8.h4 cxd4 9.Bxd4 Ngf6
10.h5 Rg8 11.hxg6 hxg6 12.O-O-O Bb7 13.Qf2 Qa5 14.g5 Nh5 15.Bxg7 Nxg7 16.Kb1 Ne6
17.f4 Rc8 18.Nge2 Nb6 19.Bg2 Nc4 20.Rh3 Nc5 21.Nc1 Qb4 22.b3 Na3+ 23.Ka1 Na4
24.Rd4 Qxd4 25.Qxd4 Nxc2+ 26.Kb1 Na3+ 27.Ka1 Nc2+ 28.Kb1 Nxd4 29.bxa4 b4
30.Nd5 Bxd5 31.exd5 Rc3 32.Rxc3 bxc3 33.Bf1 a5 34.Nb3 Nxb3 35.axb3 Rh8 36.Kc2 Rh4
37.Kxc3 Rxf4 38.Bb5+ Kd8 39.Be2 Kc7  0-1

[Event "3rd HD Bank Cup 2013"]
[Site "Ho Chi Minh City VIE"]
[Date "2013.03.23"]
[Round "8.42"]
[White "Tran Ngoc Lan"]
[Black "Nguyen Sy Hung"]
[Result "0-1"]
[WhiteElo "2275"]
[BlackElo "2089"]

1.d4 g6 2.e4 Bg7 3.Nc3 d6 4.Be3 a6 5.a4 b6 6.Qd2 Bb7 7.Bd3 Nd7 8.Nge2 c5
9.d5 Ne5 10.f4 Nxd3+ 11.cxd3 Nf6 12.h3 Qd7 13.g4 e6 14.g5 Nh5 15.d4 exd5
16.dxc5 dxc5 17.Nxd5 Rd8 18.Kf2 O-O 19.Rad1 Qe6 20.Qc2 f6 21.Qc4 Kh8 22.gxf6 Nxf6
23.Nec3 Nxe4+ 24.Qxe4 Qxe4 25.Nxe4 Bxd5 26.Ng5 Bxh1 27.Rxd8 Rxd8 28.Nf7+ Kg8
29.Nxd8 Bd5 30.a5 bxa5 31.Bxc5 Bxb2 32.Ke3 a4 33.h4 a3 34.Bxa3 Bxa3 35.Kd4 Be7
36.h5 gxh5  0-1

[Event "44th Marcel Duchamp"]
[Site "Buenos Aires ARG"]
[Date "2013.03.24"]
[Round "2.34"]
[White "Tovillas,D"]
[Black "Lupis,F"]
[Result "1-0"]
[WhiteElo "2204"]
[BlackElo "1963"]

1.e4 g6 2.d4 Bg7 3.Nc3 d6 4.g3 b6 5.Bg2 Bb7 6.Nge2 e6 7.Be3 Ne7 8.Qd2 Nd7
9.Bh6 Bxh6 10.Qxh6 Nf5 11.Qd2 e5 12.O-O-O O-O 13.dxe5 Nxe5 14.Nd5 Bxd5 15.Qxd5 Ne7
16.Qb3 Qe8 17.h4 Ng4 18.Rhf1 a6 19.f3 Nf6 20.Qc3 Nd7 21.Qxc7 Nc8 22.Qc6 Ra7
23.Bh3 Qd8 24.Nc3 Rc7 25.Qa8 b5 26.Bxd7 Qxd7 27.Nd5  1-0

[Event "44th Marcel Duchamp"]
[Site "Buenos Aires ARG"]
[Date "2013.03.24"]
[Round "2.43"]
[White "Fiori,H"]
[Black "Peschillo,R"]
[Result "1-0"]
[WhiteElo "2165"]
[BlackElo "1572"]

1.e4 d6 2.d4 g6 3.Nc3 Bg7 4.f4 c6 5.Nf3 Nf6 6.e5 dxe5 7.fxe5 Nd5 8.Nxd5 cxd5
9.Bd3 Bg4 10.O-O O-O 11.h3 Bxf3 12.Qxf3 Nc6 13.c3 Rc8 14.Be3 Na5 15.Rae1 a6
16.Rf2 b5 17.Ref1 Rc6 18.Bg5 f6 19.exf6 exf6 20.Bc1 Re6 21.h4 Qd6 22.h5 f5
23.Bf4 Qd7 24.Qg3 Qf7 25.h6 Bf6 26.Bg5  1-0

[Event "Norwegian Open 2013"]
[Site "Fagernes NOR"]
[Date "2013.03.24"]
[Round "1"]
[White "Nordstrom,Hakon N"]
[Black "Getz,N"]
[Result "0-1"]
[WhiteElo "1835"]
[BlackElo "2352"]

1.d4 d6 2.e4 g6 3.Nc3 Bg7 4.f4 Nf6 5.Nf3 O-O 6.Be3 a6 7.a4 b6 8.Qd2 Bb7 9.e5 Ng4
10.Bg1 c5 11.O-O-O cxd4 12.Bxd4 Nc6 13.exd6 Nxd4 14.Nxd4 Qxd6 15.h3 Bh6 16.g3 Bxh1
17.hxg4 Bg7 18.Qh2 Bxd4 19.Qxh1 Qb4  0-1

[Event "ch-Moscow 2013"]
[Site "Moscow RUS"]
[Date "2013.03.24"]
[Round "3.8"]
[White "Nikolenko,O"]
[Black "Ljamin,V"]
[Result "1-0"]
[WhiteElo "2526"]
[BlackElo "2143"]

1.e4 g6 2.d4 Bg7 3.Nc3 d6 4.Nf3 Nf6 5.Be2 O-O 6.O-O Nbd7 7.e5 Ne8 8.Bf4 c6
9.Qd2 d5 10.Rfe1 Nc7 11.h3 Ne6 12.Bh6 b5 13.Bd3 Qb6 14.Ne2 a5 15.c3 Ba6 16.b4 Bb7
17.a3 Qa7 18.Rac1 Nb6 19.Ng3 axb4 20.axb4 Qa3 21.Bxg7 Kxg7 22.Nh4 Nc4 23.Bxc4 bxc4
24.f4 f5 25.exf6+ Rxf6 26.f5 Nd8 27.Rxe7+ Rf7 28.Rce1 Bc8 29.Nh5+ Kg8 30.Re8+ Rf8
31.Rxf8+  1-0

[Event "LEM Schleswig-Holstein 2013"]
[Site "Neumuenster GER"]
[Date "2013.03.24"]
[Round "2.7"]
[White "Kitschke,H"]
[Black "Hamann,C"]
[Result "1/2-1/2"]
[WhiteElo "2112"]
[BlackElo "2174"]

1.e4 g6 2.d4 Bg7 3.Nc3 d6 4.Be3 Nd7 5.Bc4 e6 6.Qd2 h6 7.O-O-O a6 8.Bb3 Ne7
9.Nge2 b5 10.a3 Nb6 11.h4 Bb7 12.d5 e5 13.h5 g5 14.g4 Qd7 15.Bxb6 cxb6 16.Rdg1 O-O-O
17.Rh3 Kb8 18.Nd1 Nc8 19.Rc3 Rhe8 20.Ne3 Ne7 21.Ng3 Ng8 22.Nef5 Bf8 23.Qe3 Ka7
24.Qf3 Rc8 25.Ne2 Rxc3 26.Qxc3 Rc8 27.Qf3 a5 28.Kb1 Ba6 29.Qe3 Qd8 30.f3 Nf6
31.Rc1 Nd7 32.Ba2 b4 33.axb4 axb4 34.Qd2 Nc5 35.Nfg3 b3 36.Bxb3 b5 37.Qb4 Qb6
38.Qd2 b4 39.Nf5 Kb7 40.Re1 Bxe2 41.Qxe2 Qa5 42.Ne3 Ra8 43.Kc1 Qa1+ 44.Kd2 Nxb3+
45.cxb3 Qxb2+ 46.Nc2 Qc3+ 47.Kd1 Be7  1/2-1/2

[Event "19th Schloss Open"]
[Site "Werther GER"]
[Date "2013.03.24"]
[Round "6.2"]
[White "Danin,A"]
[Black "Ackermann,Ha"]
[Result "1-0"]
[WhiteElo "2570"]
[BlackElo "2255"]

1.e4 g6 2.d4 Bg7 3.Nc3 d6 4.Nge2 a6 5.a4 b6 6.g3 Bb7 7.Bg2 Nd7 8.Be3 e5 9.h3 Ne7
10.O-O O-O 11.f4 Qe8 12.Qd2 Rd8 13.Rad1 c5 14.dxe5 dxe5 15.Qd6 Bc6 16.Bf2 Rc8
17.Rd2 b5 18.axb5 axb5 19.b3 Kh8 20.Rfd1 f5 21.Qd3 c4 22.bxc4 bxc4 23.Qxc4 exf4
24.gxf4 Bxe4 25.Qe6 Nf6 26.Nxe4 Nxe4 27.Bxe4 fxe4 28.Qxe4 Nf5 29.Qf3 Qa4
30.Qb3 Qc6 31.Rb1 Qc7 32.Qf3 Rb8 33.Rxb8 Qxb8 34.Qd5 Qb1+ 35.Kg2 Qb8 36.c4 Ne7
37.Qe4 Qa8 38.Qxa8 Rxa8 39.Rd7 Nf5 40.c5 Rc8 41.c6 Rxc6 42.Rd8+ Bf8 43.Rxf8+ Kg7
44.Rd8 Rc2 45.Nd4 Rc4  1-0

[Event "44th Marcel Duchamp"]
[Site "Buenos Aires ARG"]
[Date "2013.03.27"]
[Round "6.4"]
[White "Tristan,L"]
[Black "Stewart,William John"]
[Result "1-0"]
[WhiteElo "2457"]
[BlackElo "2281"]

1.e4 g6 2.d4 Bg7 3.Nc3 d6 4.f4 a6 5.Nf3 b5 6.Bd3 Nd7 7.Be3 c5 8.e5 Nh6 9.dxc5 Nxc5
10.Bxc5 dxc5 11.Be4 Ra7 12.Qxd8+ Kxd8 13.O-O-O+ Kc7 14.Rd5 Kb6 15.a4 Rc7
16.axb5 axb5 17.b4 Be6 18.Ng5 Ng4 19.Nxe6 fxe6 20.Rxc5 Rxc5 21.bxc5+ Kxc5
22.Bf3 h5 23.Ne4+ Kb6 24.Ng5 Bh6 25.Nxe6 Nxe5 26.Be4 Rc8 27.Kb1 Rc4 28.Re1 Rb4+
29.Ka2 Ra4+ 30.Kb3 Ka5 31.g3 Rb4+ 32.Kc3 Rc4+ 33.Kd2 h4 34.Bd5 g5 35.Rxe5 gxf4
36.Bxc4 fxg3+ 37.Ke2 Kb4 38.hxg3  1-0

[Event "O2C Doeberl Cup Premier 2013"]
[Site "Canberra AUS"]
[Date "2013.03.28"]
[Round "1.9"]
[White "Watson,Ja"]
[Black "Stany,G"]
[Result "0-1"]
[WhiteElo "2111"]
[BlackElo "2449"]

1.e4 g6 2.d4 Bg7 3.Nc3 d6 4.f4 c6 5.Nf3 d5 6.e5 h5 7.Be3 Nh6 8.Qd2 Bg4 9.Be2 e6
10.Bf2 Nf5 11.h3 Bxf3 12.Bxf3 h4 13.O-O-O Nd7 14.Bg4 Bf8 15.Ne2 Nb6 16.g3 Nc4
17.Qc3 a5 18.Bxf5 gxf5 19.g4 a4 20.gxf5 exf5 21.Rdg1 Qb6 22.Be1 Ra5 23.b3 axb3
24.cxb3 Rxa2 25.bxc4 Ba3+ 26.Kd1 Qb1+  0-1

[Event "17th Neckar Open"]
[Site "Deizisau GER"]
[Date "2013.03.28"]
[Round "1.2"]
[White "Gibicar,D"]
[Black "Bacrot,E"]
[Result "0-1"]
[WhiteElo "2116"]
[BlackElo "2705"]

1.d4 d6 2.e4 g6 3.Nc3 Bg7 4.Be3 a6 5.f4 b5 6.Bd3 Bb7 7.Nf3 Nd7 8.e5 Nh6 9.Qe2 Nb6
10.Be4 Qc8 11.Ng5 b4 12.Bxb7 Qxb7 13.Nce4 f6 14.Ne6 Qxe4 15.Nxg7+ Kf7 16.f5 Ng4
17.e6+ Kg8  0-1

[Event "36th San Sebastian Open"]
[Site "Donostia ESP"]
[Date "2013.03.29"]
[Round "8.2"]
[White "Vocaturo,D"]
[Black "Guerra Bastida,D"]
[Result "1-0"]
[WhiteElo "2511"]
[BlackElo "2401"]

1.e4 g6 2.d4 Bg7 3.Nc3 d6 4.Be3 a6 5.Nf3 Nf6 6.h3 O-O 7.a4 b6 8.Bc4 e6 9.Qe2 Bb7
10.Bg5 h6 11.Bh4 Qe8 12.O-O Nbd7 13.Rad1 d5 14.Bd3 dxe4 15.Nxe4 Nxe4 16.Bxe4 Bxe4
17.Qxe4 Nf6 18.Bxf6 Bxf6 19.b3 Bg7 20.Rfe1 Qd7 21.Ne5 Qd6 22.Nc6 Rae8 23.c4 a5
24.Qf3 Qa3 25.Rd3 Qb2 26.Qg3 Qc2 27.Ree3 Qb1+ 28.Kh2 Qf1 29.Rd2 h5 30.Rde2 Qb1
31.Qxc7 e5 32.dxe5 Bh6 33.Rf3 Qd1 34.Re4 Qc2 35.Rd4 h4 36.Rxh4  1-0

[Event "ch-WLS 2013"]
[Site "Cardiff WLS"]
[Date "2013.03.31"]
[Round "4.9"]
[White "Bullen,Alex"]
[Black "Van Kemenade,R"]
[Result "0-1"]
[WhiteElo "1894"]
[BlackElo "2019"]

1.e4 d6 2.d4 g6 3.Nc3 Bg7 4.Nf3 a6 5.Be3 Nd7 6.Bc4 e6 7.a4 b6 8.O-O Bb7 9.Re1 Ne7
10.d5 e5 11.Qd2 h6 12.g3 f5 13.Bd3 Nf6 14.Nh4 fxe4 15.Bxe4 Nxe4 16.Nxe4 g5
17.Bxg5 hxg5 18.Qxg5 O-O 19.Ng6 Nxg6 20.Qxg6 Qe8 21.Qg5 Bxd5 22.h4 Qf7 23.h5 Bxe4
24.Rxe4 Qxf2+ 25.Kh1 Qf3+  0-1

[Event "6th Montalvo Open"]
[Site "Las Palmas ESP"]
[Date "2013.03.31"]
[Round "9.23"]
[White "Ramirez Maillo,Juan Adonay"]
[Black "Fernandez de la Hoz,A"]
[Result "1/2-1/2"]
[WhiteElo "1654"]
[BlackElo "1871"]

1.e4 g6 2.d4 Bg7 3.Nc3 d6 4.Be3 Nf6 5.Qd2 Nc6 6.f3 e5 7.d5 Ne7 8.O-O-O O-O
9.Bh6 Ne8 10.g4 f5 11.gxf5 gxf5 12.exf5 Bxh6 13.Qxh6 Nxf5 14.Qd2 Neg7 15.h4 Nxh4
16.Bd3 h5 17.Qh2 Qg5+ 18.Kb1 Nxf3 19.Nxf3 Rxf3 20.Ne4 Qf4 21.Qg2 Bg4 22.Rdf1 Rf8
23.Rfg1  1/2-1/2

[Event "87th ch-ARG 2013"]
[Site "Villa Martelli ARG"]
[Date "2013.04.03"]
[Round "1.20"]
[White "Della Morte,G"]
[Black "Rivero,R"]
[Result "0-1"]
[WhiteElo "2318"]
[BlackElo "1892"]

1.e4 g6 2.d4 Bg7 3.Nc3 d6 4.Be3 a6 5.Nf3 Nd7 6.Qd2 b5 7.Bd3 c5 8.a4 b4 9.Ne2 Bb7
10.Ng3 h6 11.c3 a5 12.O-O Rc8 13.Bb5 Nf6 14.dxc5 bxc3 15.Qxc3 O-O 16.Qa3 Nxc5
17.e5 Nd5 18.Rfd1 Nxe3 19.fxe3 Bxf3 20.gxf3 Bxe5 21.f4 Bg7 22.Rac1 Qb6 23.b4 axb4
24.Qa2 Ra8 25.Qc2 b3 26.Qc4 b2 27.Rb1 Rfc8 28.f5 Nxa4 29.Qg4 Qxb5 30.fxg6 fxg6
31.Qxg6 Qg5 32.Qe6+ Kh8 33.Rf1 Nc5 34.Qh3 Ne4  0-1

[Event "1st Hofheim Open"]
[Site "Hofheim GER"]
[Date "2013.04.05"]
[Round "5.22"]
[White "Prudlo,S"]
[Black "Baeuschlein,A"]
[Result "0-1"]
[WhiteElo "2211"]
[BlackElo "2061"]

1.e4 g6 2.d4 Bg7 3.Nc3 d6 4.g3 c6 5.a4 Nf6 6.Bg2 Nbd7 7.Nge2 e5 8.O-O O-O
9.h3 Re8 10.Re1 b6 11.Kh2 a6 12.f4 Bb7 13.g4 exd4 14.Nxd4 Nxg4+ 15.hxg4 Qh4+
16.Kg1 Bxd4+ 17.Be3 Bxe3+ 18.Rxe3 Nf6  0-1

[Event "TCh-NED Meesterklasse 2012-13"]
[Site "Netherland NED"]
[Date "2013.04.06"]
[Round "8.8"]
[White "De Graaf,D"]
[Black "Klein,Da"]
[Result "0-1"]
[WhiteElo "2201"]
[BlackElo "2447"]

1.e4 g6 2.d4 Bg7 3.Nc3 d6 4.Be3 a6 5.f3 b5 6.Qd2 Nd7 7.a4 b4 8.Na2 a5 9.Nc1 c5
10.c3 Ngf6 11.Nh3 O-O 12.Nf2 bxc3 13.bxc3 cxd4 14.cxd4 Nb6 15.h4 h5 16.Be2 Be6
17.g4 Nc4 18.Bxc4 Bxc4 19.Ncd3 Bxd3 20.Qxd3 Rb8 21.Rd1 hxg4 22.fxg4 Qd7 23.Qe2 Qxa4
24.h5 Qb4+ 25.Kf1 Qb5 26.Rd3 Qc6 27.h6 Bh8 28.h7+ Nxh7 29.Kg2 d5 30.e5 f6
31.Bh6 Bg7 32.Rdh3 Ng5 33.Bxg5 fxg5 34.Qd3 Rf4 35.Rf3 Rbf8 36.Rxf4 gxf4 37.Kf3 Qe6
38.Rb1 a4 39.Rb5 Ra8 40.Qc2 a3 41.Qa2 Qc6 42.Rxd5 e6  0-1

[Event "23rd ch-SLO 2013"]
[Site "Sentjur SLO"]
[Date "2013.04.06"]
[Round "1.8"]
[White "Florjancic,R"]
[Black "Tomazini,Z"]
[Result "1/2-1/2"]
[WhiteElo "1889"]
[BlackElo "2357"]

1.e4 g6 2.d4 Bg7 3.Nc3 d6 4.Be3 a6 5.Nf3 b5 6.a3 Nd7 7.Be2 Bb7 8.O-O c5 9.d5 Ngf6
10.Nd2 e6 11.dxe6 fxe6 12.f4 d5 13.e5 d4 14.exf6 Nxf6 15.Bf2 dxc3 16.bxc3 O-O
17.c4 Ne4 18.Nxe4 Bxe4 19.Ra2 Rxf4 20.Qxd8+ Rxd8 21.Bxc5 Rxf1+ 22.Kxf1 Rc8
23.Bb4 bxc4 24.c3 Bd3 25.Kf2 e5 26.Bxd3 cxd3 27.Ke3 Rd8 28.Ra1 Bh6+ 29.Ke4 d2
30.Rd1 Rc8 31.Kd3 e4+ 32.Kxe4 Re8+ 33.Kd3 Re1 34.Kc2 Re2 35.g3 Rxh2 36.c4 Kf7
37.Bd6 Ke6 38.Bf4 Bxf4 39.gxf4 Kf5 40.c5 Ke6 41.Rf1 Re2 42.Rf3 Kf5 43.Rd3 Kxf4
44.c6 Re8 45.c7 Rc8 46.Rd7 h5 47.Kxd2 g5 48.Ke2 Kg3 49.Kf1 g4 50.Kg1 Kh3
51.a4 a5 52.Rd3+ g3 53.Rc3 Kg4 54.Kg2 h4 55.Rc4+ Kg5 56.Rc5+ Kf4 57.Rc4+ Ke3
58.Rxh4 Rxc7 59.Rh5 Kf4 60.Rxa5 Rc2+ 61.Kg1  1/2-1/2

[Event "TCh-AUT 2 East 2012-13"]
[Site "Austria AUT"]
[Date "2013.04.07"]
[Round "11.6"]
[White "Bauer,Mari"]
[Black "Steinert,Mart"]
[Result "0-1"]
[WhiteElo "1884"]
[BlackElo "2094"]

1.e4 g6 2.d4 Bg7 3.Nc3 d6 4.Be3 Nc6 5.h4 h6 6.Qd2 e5 7.d5 Nce7 8.O-O-O f5
9.f4 fxe4 10.Nxe4 Nf5 11.Bf2 Nf6 12.Nxf6+ Qxf6 13.fxe5 dxe5 14.Bb5+ c6 15.dxc6 O-O
16.g4 Nd4 17.Bxd4 exd4 18.g5 Qe7 19.Bc4+ Kh7 20.cxb7 Bxb7 21.Rh3 h5 22.Re1 Qd6
23.Kb1 Rae8 24.Rxe8 Rxe8 25.a3 Be4 26.Ne2 Bf5 27.Rb3 Qh2 28.Ka2 Bg4 29.Rb7 Bxe2
30.Bxe2 Qxe2 31.Qxd4 Re7 32.Rxe7 Qxe7 33.Qc4 Qe5 34.c3 Qe7 35.a4 Be5 36.a5 Qc7
37.Qxc7+ Bxc7 38.a6 Kg7 39.b4 Kf7 40.c4 Ke6 41.Kb3 Bg3 42.b5 Bf2 43.Kb4 Kd6
44.Ka5 Kc5 45.b6 Be1+ 46.Ka4 Kxb6  0-1

[Event "TCh-CAT Div Hon 2013"]
[Site "Catalonia ESP"]
[Date "2013.04.13"]
[Round "11.4"]
[White "Bergez,L"]
[Black "Libiszewski,F"]
[Result "1/2-1/2"]
[WhiteElo "2393"]
[BlackElo "2495"]

1.e4 d6 2.d4 g6 3.Nc3 Bg7 4.Bg5 h6 5.Be3 a6 6.f4 b5 7.Qf3 Bb7 8.f5 Nf6 9.fxg6 fxg6
10.Qg3 g5 11.h4 b4 12.hxg5 hxg5 13.Rxh8+ Bxh8 14.e5 dxe5 15.Nce2 Qd5 16.Qxg5 exd4
17.Nxd4 Qxg5 18.Bxg5 Ne4 19.Be3 c5 20.Ne6 Bxb2 21.Rd1 Bc3+ 22.Ke2 Ng3+ 23.Kf2 Ne4+
24.Ke2 Ng3+ 25.Kf2  1/2-1/2

[Event "TCh-CAT Div Hon 2013"]
[Site "Catalonia ESP"]
[Date "2013.04.13"]
[Round "11.1"]
[White "Fluvia Poyatos,Joa"]
[Black "Movsziszian,K"]
[Result "1-0"]
[WhiteElo "2499"]
[BlackElo "2475"]

1.e4 g6 2.d4 Bg7 3.Nc3 d6 4.Be3 a6 5.Qd2 Nd7 6.h4 h5 7.Nh3 b5 8.Ng5 Bb7 9.a4 b4
10.Bc4 e6 11.Ne2 Ngf6 12.Bxe6 fxe6 13.Nxe6 Qe7 14.Nxc7+ Kf7 15.Nxa8 Nxe4
16.Qxb4 Bxa8 17.Qc4+ d5 18.Qxa6 Qb4+ 19.c3 Qxb2 20.O-O Re8 21.Rfb1 Qc2 22.Rc1 Qb2
23.Qb5 Qxb5 24.axb5 Nb6 25.Ra6 Nc4 26.Ra7+ Kf6 27.Rca1 Nb6 28.R1a6 Re6  1-0

[Event "15th Dubai Open 2013"]
[Site "Dubai UAE"]
[Date "2013.04.13"]
[Round "6.25"]
[White "Pourkashiyan,A"]
[Black "Deepan,C"]
[Result "1/2-1/2"]
[WhiteElo "2303"]
[BlackElo "2477"]

1.e4 g6 2.d4 Bg7 3.Nc3 d6 4.Nf3 a6 5.a4 Bg4 6.Be2 Nc6 7.Be3 e5 8.d5 Bxf3
9.Bxf3 Nd4 10.O-O Ne7 11.Be2 O-O 12.Bc4 c6 13.dxc6 bxc6 14.Bxd4 exd4 15.Ne2 Qb6
16.Qd3 d5 17.exd5 cxd5 18.Bb3 Rfd8 19.Rfe1 Nc6 20.Nf4 Nb4 21.Qf3 Qf6 22.Re2 Rab8
23.Rd1 g5 24.Nd3 Qxf3 25.gxf3 Nxd3 26.Rxd3 Kf8 27.Kg2 Rb6 28.Re1 a5 29.Re2 Rc6
30.Re1 Rb6 31.Re2 Rc6  1/2-1/2

[Event "35th Italian Seniors"]
[Site "Arco ITA"]
[Date "2013.04.14"]
[Round "3.4"]
[White "Rosino,A"]
[Black "Guaglianone,M"]
[Result "1/2-1/2"]
[WhiteElo "2178"]
[BlackElo "1986"]

1.e4 g6 2.d4 Bg7 3.Nc3 d6 4.f4 b6 5.Nf3 e6 6.Bd3 Ne7 7.Be3 a6 8.O-O Nd7 9.Qd2 Nf6
10.Kh1 Ng4 11.Bg1 f5 12.h3 Nh6 13.Rae1 O-O 14.e5 d5 15.Ne2 Nf7 16.b3 Qd7
17.c4 Bb7 18.c5 a5 19.Nc3 Ba6 20.Bxa6 Rxa6 21.Qd3 Raa8 22.Rc1 bxc5 23.dxc5 Nc6
24.Ne2 Rfb8 25.a3 Nfd8 26.Be3 Rb7 27.Rb1 Rab8 28.Rb2 Bf8 29.Rc1 Rb5 30.Qd1 h6
31.Nc3 R5b7 32.Na4 Be7 33.Rcb1 Kf7 34.h4 h5 35.g3 Na7 36.Qd2 Ndc6 37.Nc3  1/2-1/2